000 00636nam a22001937a 4500
005 20231121145504.0
010 _aENG-135354
020 _c595.00
_a9789392080678
035 _aEN-118886
037 _bDBAD/PUB
082 _a657
100 _aShukla, M.B
_958910
245 _aFinancial Accounting Theory & Practice/
_cby M.B Shukla
260 _aNew Delhi
_bKitab Mahal Publishers
_c2023
270 _a4655/21 Ansari Road (G.F) Daryaganj,
_bNew Delhi
_e110002
_k9335107914
_mkitab_mahal@hotmail.com
300 _avp.
_c27cm(Pbk)
700 _aShukla, M.B Mishra, Ramesh
_958911
942 _2ddc
_cEN
_mShukla
_h657
999 _c192927
_d192927